| 000 | 00920nam a2200325 i 4500 | ||
|---|---|---|---|
| 999 |
_c205 _d205 |
||
| 001 | 020586735 | ||
| 003 | UkOxU | ||
| 005 | 20190801093739.0 | ||
| 008 | 160602s2016 stk j 000 f eng c | ||
| 015 |
_aGBB635052 _2bnb |
||
| 020 | _a9781781125427 (pbk.) : | ||
| 035 | _a(StEdNL)6803485 | ||
| 035 | _a(Uk)017766723 | ||
| 040 |
_aStDuBDS _beng _cStDuBDS _dStEdNL _erda |
||
| 042 | _aukscp | ||
| 082 | 0 | 4 |
_aFIC FIS _223 |
| 100 | 1 |
_aFisher, Catherine, _d1957- _eauthor. |
|
| 245 | 1 | 4 |
_aThe crystal stair / _cCatherine Fisher. |
| 264 | 1 |
_aEdinburgh : _bBarrington Stoke, _c2016. |
|
| 300 |
_a101 pages ; _c20 cm |
||
| 336 |
_atext _2rdacontent |
||
| 337 |
_aunmediated _2rdamedia |
||
| 338 |
_avolume _2rdacarrier |
||
| 655 | 0 | _aHigh interest-low vocabulary books. | |
| 655 | 0 | _aEasy reading | |
| 655 | 0 | _aDystopias. | |
| 655 | 0 | _aYoung adult fiction. | |
| 942 |
_2ddc _cFIC |
||